Elaboración de galletas dulces enriquecidas con harina de soya.

Plantea la formulacion para elaborar frutas confitadas que logre igualar o superar las caracteristicas organolépticas de los productos que se consumen en el ercado nacional.

Bibliographic Details
Main Author: Oconor Mendoza, Johana
Other Authors: Tutor: Talleno, Helia
Format: Tesis Section = Libro
Language:Undetermined
Spanish
Published: Managua UNI 2008
Subjects:
LEADER 00857nam a2200241Ia 4500
008 240830s9999 xx 000 0 und d
040 |a CEDOC DACA-RUSB / T.Mon 658.404 O18 
041 |a spa 
082 |a T.Mon 658.404 O18 
100 1 |a Oconor Mendoza, Johana 
245 1 0 |a Elaboración de galletas dulces enriquecidas con harina de soya. 
260 |a Managua  |b UNI  |c 2008 
300 |a 30 p. :il 
502 |a Tesis (Ingeniero Químico) -UNI, 2008. 
520 3 |a Plantea la formulacion para elaborar frutas confitadas que logre igualar o superar las caracteristicas organolépticas de los productos que se consumen en el ercado nacional. 
650 7 |a GALLETAS- DULCES 
650 7 |b  HARINA DE SOYA 
650 7 |c  ESTUDIO TECNICO 
650 7 |d  ANALISIS FINANCIERO 
700 1 |a Tutor:  |b Talleno, Helia 
942 |c BK  |2 ddc 
991 |a TESIS 
999 |c 26109